000
00216nam a22000857a 4500
008
170626b xxu||||| |||| 00| 0 eng d
100
_9
3691
_a
Thani. Y
245
_a
Coaching succesfully sprinting
260
_a
New delhi
_c
2002
999
_c
7111
_d
7111